• 首页
  • 本馆介绍
  • 公告通知
  • 最新文献
  • 馆藏检索
  • 电子资源
  • 读者导购
  • 参考咨询
  • 我的图书馆
  • 登录
  • 详细信息显示
  • 放入我的书架
  • 预约/预借图书
  • 作者相关作品
  • 分类相关作品
  • 丛书相关作品
  • 出版社相关作品

书目信息

  • 表格格式
  • 工作单格式
  • 卡片格式
题名:
重组的世界
    
 
作者: 布什, , 斯考克罗夫特 著 ;胡发贵 译
分册:  
出版信息: 南京   江苏人民出版社  2000
页数: 596页,[8] 页图版
开本: 21cm
丛书名: 《汉译大众精品书库》
单 册:
中图分类: K153
科图分类:
主题词: 世界史--shi jie shi--现代史--大事记--1989-1991
电子资源:
ISBN: 7-214-02773-9
000 01137nam0 2200289 45
001 CAL 012000921121
005 20031219104054.5
010    @a7-214-02773-9@dCNY28.00
100    @a20001010d2000 ekmy0chiy0121 ea
101 1  @achi@ceng
102    @aCN@b320000
105    @aaf z 000yy
106    @ar
200 1  @a重组的世界@Achong zu de shi jie@e1989-1991年世界重大事件的回忆@f(美)乔治.布什,布特·斯考克罗夫特著@g胡发贵 ... [等]译
210    @a南京@c江苏人民出版社@d2000
215    @a596页,[8] 页图版@c图@d21cm
225 2  @a《汉译大众精品书库》@A《 han yi da zhong jing pin shu ku 》@i历史类
410  0 @12001 @a《汉译大众精品书库》
454  1 @12001 @aA world transformed@1701 1@aBush,@bGeorge,@f1924-
517 1  @a1989-1991年世界重大事件的回忆@A1989-1991 nian shi jie zhong da shi jian de hui yi
606 0  @a世界史@Ashi jie shi@x现代史@x大事记@z1989-1991
690    @aK153@v4
701  1 @a布什,@Abu shi ,@bG.@g(Bush,George),@f1924- @4著
701  1 @a斯考克罗夫特@Ashi kao ke luo fu te,@bB.@g(Scowcroft,Brent)@4著
702  0 @a胡发贵@Ahu fa gui@4译
801    @aCN@bTSTC@c20020415
905    @b308167@dK153@e105@f1
    
    重组的世界:1989-1991年世界重大事件的回忆/(美)乔治.布什,布特·斯考克罗夫特著/胡发贵 ... [等]译.-南京:江苏人民出版社,2000
    596页,[8] 页图版:图;21cm.-(《汉译大众精品书库》.历史类)
    译自:
    
    ISBN 7-214-02773-9:CNY28.00
    
●
相关链接 在E读中查询图书 在五车中查询图书 在当当中查询图书 在豆瓣中查询图书


正题名:重组的世界     索取号:K153/105         预约/预借

序号 登录号 条形码 馆藏地/架位号 状态 备注
1 0308167   203081672   第二样本阅览室/ [索取号:K153/105] 在馆    
唐山师范学院图书馆 欢迎您!
大连网信软件有限公司© 版权所有